Commercial methods of analysis (Record no. 23018)

MARC details
000 -LEADER
fixed length control field 00444nam a2200169Ia 4500
082 ## - DEWEY DECIMAL CLASSIFICATION NUMBER
Classification number 543
Item number SNE;1
100 ## - MAIN ENTRY--AUTHOR NAME
Personal name Biffen, Frank M
245 #0 - TITLE STATEMENT
Title Commercial methods of analysis
260 ## - PUBLICATION, DISTRIBUTION, ETC. (IMPRINT)
Place of publication Bombay
Name of publisher Taraporevala
Year of publication 1972
650 ## - SUBJECT ADDED ENTRY--TOPICAL TERM
Topical Term Analytical chemistry
650 ## - SUBJECT ADDED ENTRY--TOPICAL TERM
Topical Term Pigment analysis
650 ## - SUBJECT ADDED ENTRY--TOPICAL TERM
Topical Term Rubber analysis
650 ## - SUBJECT ADDED ENTRY--TOPICAL TERM
Topical Term Water analysis
700 ## - ADDED ENTRY--PERSONAL NAME
Personal name Snell, Foster Dee
942 ## - ADDED ENTRY ELEMENTS (KOHA)
Koha item type Books
Holdings
Withdrawn status Lost status Damaged status Not for loan Home library Current library Date acquired Cost, normal purchase price Full call number Accession Number Koha item type
        RRII Library RRII Library 16/12/2021 18.00 543 SNE;1 03726 Books